00356nam a2200133Ia 4500008004100000100001800041245007400059260000900133300001300142504000800155650001100163700002000174773002800194181130s2018 xx 000 0 und d aSunil, Soorya aMoral identity and its links to ethical ideology and civic engagement c2018 ap.73-82. dMay aEthics aVerma, Sunil K. aJournal of Human Values